| 000 | 00694nam a22002177a 4500 | ||
|---|---|---|---|
| 999 |
_c3035 _d3035 |
||
| 001 | 3035 | ||
| 003 | BD-JhCC | ||
| 005 | 20171109165354.0 | ||
| 008 | 171109s1974 bg |||| |||| 000 0 ben d | ||
| 035 | _a(BD-JhCC)3035 | ||
| 040 |
_aBD-JhCC _dBD-JhCC |
||
| 041 | _aben | ||
| 082 |
_a891.4409 _bAZA 1974 |
||
| 100 | _aআজাদ, আলাউদ্দিন আল | ||
| 245 |
_aসাহিত্যের আগন্তক ঋতু / _cআলাউদ্দিন আল আজাদ |
||
| 260 |
_aঢাকা : _bমুক্তধারা, _c১৯৭৪. |
||
| 300 |
_a১০১ পৃ. : _c২২ সেমি. |
||
| 650 | _aBengali Literature | ||
| 942 |
_2ddc _cBK |
||